01384cam a2200277 a 450000100090000000300050000900500170001400800410003101000170007202000310008904000130012005000230013308200190015610000360017524500690021126000670028030000320034750504070037965000470078665000280083365000280086190600450088994200240093499900190095895201290097715861281NUST20230127125925.0090810s2009 nyua b 001 0 eng  a 2009032936 a9780230218758 (alk. paper) aDLCcDLC00aLB2369b.G747 200900a808.02,GRE2221 aGreetham, Bryan,d1946-910428510aHow to write your undergraduate dissertation / cBryan Greetham. aBasingstoke [England] ; New York :bPalgrave Macmillan,c2009. ax, 395 p. :bill. ;c22 cm. aIntroduction (Page-1), Examiners and supervisors (Page-5), Generating and developing original ideas (Page-21), Deciding on your project (Page-99), Organizing your work (Page-123), Doing your research (Page-177), Planning your dissertation (Page-231), Organizing your thinking (Page-259), Writing your dissertation (Page-323), Plagiarism, referencing and bibliographies (Page-349), Editing (Page-371). 0aDissertations, AcademicxAuthorship.94019 0aAcademic writing.94018 0aUndergraduates.9107910 a7bcbccorignewd1eecipf20gy-gencatlg 2ddccBKk808.02,GRE c593035d593035 00102ddc4070aMCSbMCScGENd2023-01-27l0o808.02,GREpMCS37739r2023-01-27w2023-01-27yBKzAlmirah No. 56, Shelf No. 1